Statistiques concernant Personnages du Superflame Universe - Difficile

Cliquez ici pour prendre le quiz!

Statistiques générales

  • Ce quiz a été pris 9 fois
    (5 depuis la dernière actualisation)
  • Le résultat moyen est 11 sur 20

Statistiques - réponses

IndicePersonnage% Correct
StandardisteJosiane
100%
Familier de CornéliusCramoisin
75%
Ancienne journalisteElisa Meunier
75%
Maire du villageGérard Vinzier
75%
Habité par des démonsHugo Clifford
75%
Docteur du villageMasson
75%
Frère de FrancisRichard Darmin
75%
Dieu meurtrierSilgonar
75%
Lieutenant corrompuTartin
75%
Familier de CaméliaYolanda
75%
Ancien maireFabrice Pavier
50%
Propriétaire de porte dangereuxJalnar Feuilledor
50%
Capitaine de policeLeblanc
50%
Agent aux ordres de Contumas #1Talbot
50%
Lieutenant brûlé au molotovAndreas
25%
Lieutenant des Portes NoiresCelsius
25%
Colonel despote de la DPAGuinard
25%
Pirate informatiqueJulian Stanford/Eurêka
25%
Assistant de Cassandra DarminWilliam Langlois
25%
Agent aux ordres de Contumas #2Orion
0%

Distribution des résultats

Percentile par nombre de réponses

% des personnes avec chaque résultat

Votre développement - résultats

Vous n’avez pas pris ce quiz depuis la dernière actualisation